Premier League 2020/2021 - Statystyki

Ogólne statystyki
  • Ten quiz został rozwiązany 121 razy
  • Średni wynik to 15 z 20
Statystyki odpowiedzi
# klub % Poprawnych
10 Manchester United
99%
11 Manchester City
98%
3 Chelsea
97%
9 Liverpool
97%
2 Arsenal
96%
4 Tottenham
92%
8 Everton
82%
1 Aston Villa
78%
5 West Ham
78%
15 Leeds
71%
17 Southampton
70%
18 Leicester City
68%
20 Brighton
66%
16 Fulham
66%
19 Wolves
66%
6 Newcastle
65%
7 Crystal Palace
62%
13 Burnley
60%
12 Sheffield United
47%
14 West Bromwich
41%
Nie znaleziono quizów pasujących do podanych kryteriów
Rozkład punktacji
Procent ludzi z każdym wynikiem
Percentyl według liczby udzielonych odpowiedzi
Twoja historia wyników
Nie rozwiązałeś tego quizu